[Event "IV Festival Terre degli Elimi A"]
[Site "Erice ITA"]
[Date "2013.07.25"]
[Round "3"]
[White "Bocci, Alessandro"]
[Black "Clijsen, Mark"]
[WhiteElo "1888"]
[BlackElo "2159"]
[Result "0-1"]
[PlyCount "62"]
[EventDate "2013.07.24"]

1. e4 e6 2. d4 d5 3. e5 c5 4. c3 Nc6 5. Nf3 Bd7 6. Be2 f6 7. O-O fxe5 8. dxe5
Qc7 9. Re1 O-O-O 10. Bf4 Nh6 11. Na3 a6 12. Nc2 Nf7 13. Bf1 Be7 14. Qd2 h6 15.
b4 g5 16. Bg3 h5 17. h4 Rdg8 18. a4 gxh4 19. Bh2 h3 20. b5 axb5 21. axb5 Nb8
22. b6 Qxb6 23. Reb1 Qc7 24. Ne3 Bc6 25. Bb5 d4 26. Bxc6 Qxc6 27. Nxd4 cxd4 28.
cxd4 Rxg2+ 29. Kf1 Qf3 30. Nxg2 hxg2+ 31. Kg1 Ng5 0-1

[Event "IV Festival Terre degli Elimi A"]
[Site "Erice ITA"]
[Date "2013.07.25"]
[Round "3"]
[White "Calamia, Giampaolo"]
[Black "Bifulco, Michel"]
[WhiteElo "1803"]
[BlackElo "2026"]
[Result "0-1"]
[PlyCount "154"]
[EventDate "2013.07.24"]

1. e4 d5 2. exd5 Nf6 3. Bb5+ Bd7 4. Be2 Nxd5 5. d4 Nc6 6. Nf3 Bf5 7. a3 e6 8.
O-O Be7 9. h3 O-O 10. c4 Nb6 11. Nc3 Bf6 12. Be3 Qd7 13. c5 Nd5 14. Bd3 Nxc3
15. bxc3 e5 16. Bxf5 Qxf5 17. Qb1 Qxb1 18. Raxb1 b6 19. d5 Na5 20. Nd2 Be7 21.
c4 Rab8 22. d6 cxd6 23. cxb6 axb6 24. Bxb6 Ra8 25. Bxa5 Rxa5 26. Rb7 Re8 27.
Ra1 Bf8 28. Nb3 Ra6 29. a4 Rc8 30. Nd2 Rca8 31. Rb4 f6 32. Nb3 Rc6 33. Rc1 Rac8
34. Na5 Ra6 35. Nb3 Rac6 36. Na5 Rc5 37. Nb3 R5c7 38. a5 d5 39. c5 Bxc5 40.
Nxc5 Rxc5 41. Rxc5 Rxc5 42. Ra4 Rc1+ 43. Kh2 Rc7 44. a6 Ra7 45. Ra5 d4 46. Kg3
Kf7 47. f4 e4 48. Ra4 f5 49. Rxd4 Rxa6 50. Rb4 Kf6 51. Rb3 Rd6 52. Kf2 Rd2+ 53.
Kf1 Rd6 54. Kf2 g5 55. g3 Ra6 56. Ke2 Kg6 57. Ke3 Rd6 58. Kf2 Kh5 59. Rb5 Rf6
60. Ke3 h6 61. Re5 Kg6 62. Rb5 Rd6 63. Rb3 Ra6 64. Rc3 Rd6 65. Rb3 Kh5 66. Rb5
Rd3+ 67. Kf2 Kg6 68. Rb6+ Kf7 69. Rxh6 gxf4 70. gxf4 Rf3+ 71. Ke2 Rxf4 72. Ke3
Rf3+ 73. Ke2 Kg7 74. Rh4 Kg6 75. Rh8 Kg5 76. Rg8+ Kf4 77. Rh8 Ra3 0-1

[Event "IV Festival Terre degli Elimi A"]
[Site "Erice ITA"]
[Date "2013.07.25"]
[Round "3"]
[White "Campo, Renato"]
[Black "Schlee, Ulrich"]
[WhiteElo "1998"]
[BlackElo "1802"]
[Result "1/2-1/2"]
[PlyCount "46"]
[EventDate "2013.07.24"]

1. d4 d5 2. Nc3 Nf6 3. Bg5 e6 4. e4 Be7 5. e5 Nfd7 6. h4 Nc6 7. Nf3 h6 8. Bxe7
Qxe7 9. a3 Nb6 10. Qd2 Bd7 11. b4 a6 12. Bd3 Na7 13. Qe2 Na4 14. Nxa4 Bxa4 15.
O-O Bb5 16. c4 Bxc4 17. Bxc4 dxc4 18. Qxc4 O-O 19. d5 exd5 20. Qxd5 Nc6 21.
Rfe1 Rad8 22. Qe4 Rfe8 23. Rad1 Rxd1 1/2-1/2

[Event "IV Festival Terre degli Elimi A"]
[Site "Erice ITA"]
[Date "2013.07.25"]
[Round "3"]
[White "Cannella, Carlo"]
[Black "Rosolia, Giuseppe"]
[WhiteElo "1972"]
[BlackElo "1801"]
[Result "1-0"]
[PlyCount "63"]
[EventDate "2013.07.24"]

1. e4 e5 2. Nf3 d6 3. d4 Nd7 4. Bc4 c6 5. h3 Be7 6. Nc3 b5 7. Bb3 a6 8. a3 Ngf6
9. O-O O-O 10. Qe2 Bb7 11. Rd1 Qc7 12. Bg5 Rfe8 13. Bh4 exd4 14. Nxd4 c5 15.
Nf5 c4 16. Ba2 Bf8 17. f3 Nh5 18. Qd2 Re6 19. b3 Rg6 20. bxc4 bxc4 21. Rab1 Ne5
22. Kh1 Re8 23. Ne2 Bc8 24. f4 Nd7 25. Nc3 Nc5 26. Re1 Be6 27. Nd4 Be7 28. Bxe7
Rxe7 29. f5 Ng3+ 30. Kg1 Bd7 31. fxg6 hxg6 32. Qg5 1-0

[Event "IV Festival Terre degli Elimi A"]
[Site "Erice ITA"]
[Date "2013.07.25"]
[Round "3"]
[White "Dagnino, Marcello"]
[Black "Ravagnani, Tiziano"]
[WhiteElo "1516"]
[BlackElo "1960"]
[Result "0-1"]
[PlyCount "76"]
[EventDate "2013.07.24"]

1. Nf3 c5 2. g3 Nc6 3. Bg2 d5 4. d3 Nf6 5. c3 e5 6. O-O Bg4 7. h3 Bf5 8. Kh2 e4
9. Ng1 Bd6 10. f4 exf3 11. Nxf3 Nh5 12. Bf4 Bxf4 13. gxf4 Nxf4 14. Qe1 O-O 15.
h4 Re8 16. Ng1 Nxg2 17. Kxg2 Bxd3 18. Nd2 Qd7 19. Rf4 Re6 20. Qf2 Rg6+ 21. Kf1
Ne5 22. Ndf3 Nxf3 23. Rxf3 Be4 24. Rf4 Re8 25. b3 Rg2 26. Qxg2 Bxg2+ 27. Kxg2
Re4 28. Raf1 Qc7 29. Rxe4 dxe4 30. Rd1 f5 31. Nh3 Qa5 32. Ng5 h6 33. Ne6 Kf7
34. Nf4 g5 35. hxg5 hxg5 36. Nd5 Qxa2 37. Kf1 Qxb3 38. Ke1 a5 0-1

[Event "IV Festival Terre degli Elimi A"]
[Site "Erice ITA"]
[Date "2013.07.25"]
[Round "3"]
[White "Di Misa, Salvatore"]
[Black "D'Eredita', Elena"]
[WhiteElo "1962"]
[BlackElo "1673"]
[Result "1-0"]
[PlyCount "45"]
[EventDate "2013.07.24"]

1. Nf3 Nf6 2. g3 g6 3. Bg2 Bg7 4. O-O d6 5. c4 e5 6. d3 O-O 7. Nc3 Nbd7 8. Rb1
c6 9. e4 a5 10. a3 Qe7 11. Qc2 Rb8 12. b4 axb4 13. axb4 b5 14. cxb5 cxb5 15.
Bg5 Qe6 16. d4 Qc4 17. Nd2 Qxd4 18. Be3 Qxd2 19. Qxd2 Nb6 20. Bxb6 Rxb6 21. Nd5
Nxd5 22. exd5 Bf5 23. Ra1 1-0

[Event "IV Festival Terre degli Elimi A"]
[Site "Erice ITA"]
[Date "2013.07.25"]
[Round "3"]
[White "Duijker, Rick"]
[Black "Georgiev, Vladimir"]
[WhiteElo "2258"]
[BlackElo "2544"]
[Result "0-1"]
[PlyCount "74"]
[EventDate "2013.07.24"]

1. d4 Nf6 2. Bg5 d5 3. Bxf6 exf6 4. e3 c6 5. g3 Nd7 6. Bg2 f5 7. Ne2 Nf6 8. O-O
Bd6 9. Nd2 h5 10. h4 Ne4 11. c4 Be6 12. cxd5 cxd5 13. Nxe4 fxe4 14. Qa4+ Qd7
15. Qxd7+ Kxd7 16. Nf4 Bxf4 17. exf4 Rhc8 18. Rfc1 Rc6 19. Bf1 Rb6 20. Rc2 Rb4
21. Rd1 Kd6 22. a3 Rb3 23. Re1 Rc8 24. Rd2 Bg4 25. Re3 Rxe3 26. fxe3 Rc1 27.
Kf2 g6 28. Bb5 Bd1 29. Bf1 a6 30. Ke1 Bb3+ 31. Kf2 b5 32. Be2 f5 33. Kg2 Kc6
34. Kf2 Kb6 35. Kg2 Ka5 36. Kf2 Ka4 37. Kg2 Bc2 0-1

[Event "IV Festival Terre degli Elimi A"]
[Site "Erice ITA"]
[Date "2013.07.25"]
[Round "3"]
[White "Ganci, Fabrizio"]
[Black "Gutierrez Bolado, Juan Antonio"]
[WhiteElo "2073"]
[BlackElo "1711"]
[Result "1/2-1/2"]
[PlyCount "64"]
[EventDate "2013.07.24"]

1. d4 Nf6 2. Nf3 c5 3. c3 d5 4. a3 c4 5. Nbd2 Nc6 6. e4 e6 7. e5 Nd7 8. g3 Be7
9. Bh3 b5 10. O-O a5 11. Ne1 Nb6 12. f4 b4 13. f5 exf5 14. Bxf5 bxc3 15. bxc3
Bxf5 16. Rxf5 g6 17. Rf2 O-O 18. Ndf3 f5 19. Bh6 Re8 20. Ng2 Bf8 21. Bg5 Be7
22. h4 Nd7 23. Qa4 Rc8 24. Qb5 Nf8 25. Nf4 Bxg5 26. Nxg5 Ne7 27. Raf1 Rb8 28.
Qc5 Rb3 29. Qd6 Rb6 30. Qc5 Rb3 31. Qd6 Rb6 32. Qc5 Rb3 1/2-1/2

[Event "IV Festival Terre degli Elimi A"]
[Site "Erice ITA"]
[Date "2013.07.25"]
[Round "3"]
[White "Groenewold, Jan Joris"]
[Black "Savalla, Pietro"]
[WhiteElo "2175"]
[BlackElo "1909"]
[Result "1/2-1/2"]
[PlyCount "52"]
[EventDate "2013.07.24"]

1. d4 Nf6 2. Nf3 e6 3. c4 d5 4. g3 c6 5. Qc2 Bd6 6. Bg2 Nbd7 7. O-O O-O 8. Rd1
Qe7 9. cxd5 exd5 10. Nc3 Re8 11. a3 Nb6 12. Nh4 Ne4 13. Re1 Nxc3 14. bxc3 Be6
15. Nf5 Bxf5 16. Qxf5 Qd7 17. Qd3 Rad8 18. a4 Bc7 19. h4 Nc4 20. e4 f6 21. f4
f5 22. e5 h5 23. Ba3 g6 24. Reb1 Rb8 25. Bc1 a6 26. Ba3 b6 1/2-1/2

[Event "IV Festival Terre degli Elimi A"]
[Site "Erice ITA"]
[Date "2013.07.25"]
[Round "3"]
[White "Gruppuso, Arcangelo"]
[Black "Prinzivalli, Achille"]
[WhiteElo "1586"]
[BlackElo "1721"]
[Result "1/2-1/2"]
[PlyCount "119"]
[EventDate "2013.07.24"]

1. c4 Nf6 2. Nc3 d5 3. e3 Bf5 4. d4 Nc6 5. Nf3 e6 6. Be2 Be7 7. O-O O-O 8. a3
Ne4 9. Nxe4 dxe4 10. Nd2 b6 11. b4 a5 12. b5 Na7 13. Bb2 Bd6 14. Bg4 Qh4 15. h3
Bxg4 16. Qxg4 Qxg4 17. hxg4 f5 18. f3 exf3 19. gxf3 fxg4 20. fxg4 c6 21. a4
Rad8 22. Ne4 Rfe8 23. Ng5 Rd7 24. Rf3 c5 25. Rh3 cxd4 26. Bxd4 h6 27. Ne4 Nc8
28. c5 bxc5 29. Nxd6 Nxd6 30. Bxc5 Nb7 31. Bd4 Rc8 32. Rf3 Rc4 33. Rff1 Rd5 34.
Rfc1 Rb4 35. Rcb1 Rc4 36. Rc1 Rxc1+ 37. Rxc1 Rg5 38. Rc8+ Kh7 39. Kf2 Rxg4 40.
Rc7 Nd6 41. b6 Rg5 42. b7 Nxb7 43. Rxb7 e5 44. Bc3 h5 45. Rb5 h4 46. Rxe5 Rg4
47. e4 g5 48. Kf3 Rg3+ 49. Kf2 Rxc3 50. Rxg5 Ra3 51. Rh5+ Kg6 52. Rxh4 Rxa4 53.
Kf3 Rb4 54. Rg4+ Kh5 55. Rg2 a4 56. e5 a3 57. e6 Rb6 58. e7 Rf6+ 59. Kg3 Re6
60. Ra2 1/2-1/2

[Event "IV Festival Terre degli Elimi A"]
[Site "Erice ITA"]
[Date "2013.07.25"]
[Round "3"]
[White "Gueci, Laura"]
[Black "Toma, Katarzyna"]
[WhiteElo "1913"]
[BlackElo "2305"]
[Result "0-1"]
[PlyCount "68"]
[EventDate "2013.07.24"]

1. c4 Nf6 2. g3 g6 3. Bg2 d5 4. cxd5 Nxd5 5. Nc3 Nb6 6. Nf3 Bg7 7. O-O Nc6 8.
d3 O-O 9. Be3 Re8 10. Qd2 e5 11. Rac1 Nd4 12. Bh6 c6 13. Bxg7 Kxg7 14. Rfd1 Bg4
15. h3 Bxf3 16. exf3 Qf6 17. f4 exf4 18. Ne4 Qe5 19. gxf4 Qxf4 20. Qc3 Qe5 21.
Re1 Nd5 22. Qd2 Qh5 23. Qd1 Qxd1 24. Rcxd1 Rad8 25. Nc3 Nxc3 26. bxc3 Ne2+ 27.
Kh2 Nxc3 28. Rxe8 Rxe8 29. Rc1 Nxa2 30. Ra1 Re2 31. Kg3 Rb2 32. d4 a6 33. d5
cxd5 34. Bxd5 Nc3 0-1

[Event "IV Festival Terre degli Elimi A"]
[Site "Erice ITA"]
[Date "2013.07.25"]
[Round "3"]
[White "Haast, Anne"]
[Black "Bertino, Giacomo"]
[WhiteElo "2277"]
[BlackElo "1928"]
[Result "1-0"]
[PlyCount "81"]
[EventDate "2013.07.24"]

1. e4 e6 2. d4 d5 3. Nc3 dxe4 4. Nxe4 Bd7 5. Bd3 Bc6 6. Ne2 Nf6 7. Nxf6+ Qxf6
8. O-O Bd6 9. c3 Nd7 10. f4 Qe7 11. c4 b6 12. Nc3 O-O 13. a3 a5 14. b3 Rad8 15.
Bb2 Qh4 16. Qe1 Qh6 17. Qg3 Be7 18. Rad1 Bh4 19. Qe3 Nf6 20. h3 Nh5 21. Ne2 f5
22. Kh2 Rde8 23. b4 axb4 24. axb4 g5 25. g3 Bxg3+ 26. Nxg3 gxf4 27. Nxf5 exf5
28. Rg1+ Kf7 29. Qf2 Be4 30. c5 Bd5 31. Bc1 Rg8 32. Bxf5 Rxg1 33. Rxg1 Ra8 34.
Bb1 Qf6 35. Rg4 f3 36. Rg5 Nf4 37. Rf5 Qxf5 38. Bxf5 Ra2 39. Qxa2 Bxa2 40. Bxf4
Bd5 41. Kg3 1-0

[Event "IV Festival Terre degli Elimi A"]
[Site "Erice ITA"]
[Date "2013.07.25"]
[Round "3"]
[White "Iannello, Andrea"]
[Black "Cazacu, Gabriela"]
[WhiteElo "1837"]
[BlackElo "1845"]
[Result "0-1"]
[PlyCount "112"]
[EventDate "2013.07.24"]

1. e4 c5 2. Nf3 d6 3. d4 cxd4 4. Nxd4 Nf6 5. f3 g6 6. c4 Bg7 7. Nc3 O-O 8. Be3
Nc6 9. Be2 Bd7 10. Qd2 Rc8 11. O-O a6 12. Rfc1 Ne5 13. Nd5 Re8 14. Nb3 Nxd5 15.
cxd5 b5 16. Na5 f5 17. Rf1 Nc4 18. Bxc4 bxc4 19. Nb7 Qc7 20. Bd4 Bxd4+ 21. Qxd4
Qxb7 22. f4 Rb8 23. Rf2 Qb6 24. Qd2 Rf8 25. e5 Qb5 26. Qe3 Qc5 27. Qd2 Ba4 28.
Re1 Rb5 29. exd6 Qxd6 30. Qc3 Rxd5 31. Rfe2 Qc5+ 32. Kh1 Qd4 33. Qh3 Rf7 34.
Qa3 Bb5 35. Rxe7 Qc5 36. Qf3 Rxe7 37. Rxe7 Qxe7 38. Qxd5+ Kf8 39. h3 Qe4 40.
Qd6+ Kg7 41. Kh2 Bc6 42. Qd2 Qd3 43. Qe1 Qe4 44. Qd2 a5 45. Qc3+ Kh6 46. Qd2 a4
47. a3 Bd5 48. Qf2 Kg7 49. Qd2 Kf6 50. Qc3+ Ke6 51. Qd2 Qxg2+ 52. Qxg2 Bxg2 53.
Kxg2 Kd5 54. Kg3 Ke4 55. Kh4 h6 56. Kg3 Kd3 0-1

[Event "IV Festival Terre degli Elimi A"]
[Site "Erice ITA"]
[Date "2013.07.25"]
[Round "3"]
[White "Iannello, Antonio"]
[Black "Guccione, Cristoforo"]
[WhiteElo "1852"]
[BlackElo "1781"]
[Result "0-1"]
[PlyCount "56"]
[EventDate "2013.07.24"]

1. e4 d5 2. exd5 Nf6 3. d4 Bg4 4. f3 Bf5 5. Bb5+ c6 6. dxc6 Qa5+ 7. Nc3 Nxc6 8.
Nge2 O-O-O 9. Bxc6 bxc6 10. Bd2 e5 11. Ng3 exd4 12. Nce4 Qe5 13. O-O Bxe4 14.
fxe4 d3 15. cxd3 Rxd3 16. Qe2 Qd4+ 17. Rf2 Bc5 18. Be1 h5 19. Rc1 Rd8 20. Kh1
Rd1 21. Rxc5 Qxc5 22. e5 h4 23. Nf5 R8d2 24. Qxd2 Rxd2 25. Rxd2 Ng4 26. h3 Qxe5
27. Nd6+ Kb8 28. Bxh4 Qh2# 0-1

[Event "IV Festival Terre degli Elimi A"]
[Site "Erice ITA"]
[Date "2013.07.25"]
[Round "3"]
[White "Kampman, Tijmen"]
[Black "Gelardi, Davide"]
[WhiteElo "2094"]
[BlackElo "1854"]
[Result "1-0"]
[PlyCount "92"]
[EventDate "2013.07.24"]

1. Nf3 Nf6 2. b3 c5 3. Bb2 Nc6 4. g3 g6 5. Bg2 Bg7 6. O-O O-O 7. d3 d6 8. e4 e5
9. Nc3 Rb8 10. a4 a6 11. Bc1 h6 12. Be3 Ng4 13. Bd2 f5 14. Nh4 Kh7 15. Bh3 h5
16. exf5 gxf5 17. Bg2 Be6 18. h3 Nf6 19. Bg5 Qe8 20. Ne2 d5 21. Re1 Rd8 22. Kh2
Rd7 23. Ng1 e4 24. Ne2 Ne7 25. Nf4 Bf7 26. Rb1 Rg8 27. Bf1 Bh8 28. Bxf6 Bxf6
29. Nhg2 h4 30. Be2 hxg3+ 31. fxg3 Bd4 32. Rf1 Nc6 33. Nh4 Qe5 34. Bh5 Rg5 35.
Nhg2 Bxh5 36. Nxh5 Rdg7 37. Ngf4 e3 38. Nxg7 Rxg7 39. Qh5+ Kg8 40. Ne2 Ne7 41.
Qe8+ Kh7 42. Rf4 Ng6 43. Qxe5 Bxe5 44. Rxf5 d4 45. Rbf1 Kg8 46. Rg5 Ne7 1-0

[Event "IV Festival Terre degli Elimi A"]
[Site "Erice ITA"]
[Date "2013.07.25"]
[Round "3"]
[White "Knol, Geon"]
[Black "Adrian, Claude"]
[WhiteElo "2146"]
[BlackElo "2221"]
[Result "1/2-1/2"]
[PlyCount "94"]
[EventDate "2013.07.24"]

1. e4 e6 2. d4 d5 3. Bd3 dxe4 4. Bxe4 c5 5. c3 Nf6 6. Bf3 Nc6 7. Ne2 e5 8.
Bxc6+ bxc6 9. O-O cxd4 10. cxd4 Bd6 11. dxe5 Bxe5 12. Qxd8+ Kxd8 13. Nbc3 Ba6
14. Rd1+ Kc7 15. Bf4 Rhe8 16. Rac1 Bxf4 17. Nxf4 Rad8 18. h4 h6 19. f3 g5 20.
Ncd5+ Nxd5 21. Nxd5+ Kb7 22. Nf6 Rxd1+ 23. Rxd1 Re2 24. h5 Rxb2 25. Ng8 g4 26.
fxg4 Be2 27. Rd7+ Kc8 28. Rd6 Kc7 29. Rxh6 Bxg4 30. Rh7 Be6 31. h6 Bxa2 32. Rg7
Bb1 33. Rxf7+ Kb6 34. Ne7 a5 35. h7 Bxh7 36. Rxh7 a4 37. Nc8+ Kc5 38. Ra7 Kb4
39. Rb7+ Kc3 40. Rxb2 Kxb2 41. Nb6 a3 42. Nc4+ Kb3 43. Nxa3 Kxa3 44. g4 c5 45.
g5 c4 46. g6 c3 47. g7 c2 1/2-1/2

[Event "IV Festival Terre degli Elimi A"]
[Site "Erice ITA"]
[Date "2013.07.25"]
[Round "3"]
[White "Konijn, Rob"]
[Black "Nabuurs, Mart"]
[WhiteElo "1974"]
[BlackElo "2243"]
[Result "1/2-1/2"]
[PlyCount "49"]
[EventDate "2013.07.24"]

1. e4 c5 2. Nf3 d6 3. d4 cxd4 4. Nxd4 Nf6 5. Nc3 a6 6. Bg5 e6 7. f4 Be7 8. Qf3
Qc7 9. O-O-O Nbd7 10. Bd3 h6 11. Bh4 g5 12. fxg5 Ne5 13. Qe2 Nfg4 14. Nf3 Nxf3
15. gxf3 hxg5 16. Bg3 Ne5 17. Qf2 Bd7 18. h4 gxh4 19. Bxh4 Bxh4 20. Rxh4 O-O-O
21. Rdh1 Rxh4 22. Rxh4 Qc5 23. Qxc5+ dxc5 24. f4 Ng6 25. Rg4 1/2-1/2

[Event "IV Festival Terre degli Elimi A"]
[Site "Erice ITA"]
[Date "2013.07.25"]
[Round "3"]
[White "Lammens, Tim"]
[Black "Van Weersel, Arlette"]
[WhiteElo "2316"]
[BlackElo "2176"]
[Result "1-0"]
[PlyCount "86"]
[EventDate "2013.07.24"]

1. Nf3 Nf6 2. g3 b6 3. Bg2 Bb7 4. c4 g6 5. Nc3 Bg7 6. d4 O-O 7. d5 d6 8. O-O
Nbd7 9. Nd4 Ne5 10. b3 Qc8 11. f4 Neg4 12. h3 Nh6 13. g4 Nhxg4 14. hxg4 Qxg4
15. e3 Qh4 16. Bd2 Ng4 17. Nf3 Qh6 18. Qe1 f5 19. Rc1 Bf6 20. Qg3 Rae8 21. e4
e6 22. e5 Be7 23. Qh3 Qg7 24. Nd4 Bc8 25. Nxe6 Bxe6 26. dxe6 dxe5 27. Bf3 exf4
28. Rcd1 Bc5+ 29. Kg2 Be3 30. Bd5 Re7 31. Rxf4 Bxf4 32. Bxf4 g5 33. Bxc7 Rf6
34. Bd6 Rh6 35. Qg3 Re8 36. Bc6 Rhxe6 37. Bd5 Kh8 38. Bxe6 Rxe6 39. Re1 f4 40.
Rxe6 fxg3 41. Re8+ Qg8 42. Rxg8+ Kxg8 43. Be7 43... Ne5 {...} 1-0

[Event "IV Festival Terre degli Elimi A"]
[Site "Erice ITA"]
[Date "2013.07.25"]
[Round "3"]
[White "Ljubisavljevic, Zivojin Z."]
[Black "Valguarnera, Girolamo"]
[WhiteElo "2215"]
[BlackElo "2086"]
[Result "1-0"]
[PlyCount "113"]
[EventDate "2013.07.24"]

1. e4 d6 2. d4 Nf6 3. Nc3 Nbd7 4. f4 e5 5. dxe5 dxe5 6. fxe5 Nxe5 7. Qxd8+ Kxd8
8. Nf3 Nxf3+ 9. gxf3 c6 10. Bf4 Be6 11. O-O-O+ Ke8 12. a3 Be7 13. Be2 Nd7 14.
Be3 Ne5 15. Rhg1 Rg8 16. f4 Nc4 17. Bd4 f6 18. e5 f5 19. Bf3 Nb6 20. Bf2 Kf7
21. h4 Rgd8 22. h5 Rxd1+ 23. Rxd1 Rd8 24. Rxd8 Bxd8 25. b3 g5 26. hxg6+ hxg6
27. Be3 a6 28. Bd2 Bc7 29. Ne2 Bd5 30. Bxd5+ Nxd5 31. c4 Ne7 32. Nd4 Ng8 33. b4
Bb6 34. Nf3 Bd8 35. Kc2 Nh6 36. Kd3 Ke6 37. Nd4+ Kd7 38. Nb3 b6 39. a4 Ng4 40.
a5 g5 41. b5 cxb5 42. cxb5 bxa5 43. bxa6 Bb6 44. Bxa5 Ba7 45. Bd2 gxf4 46. Bxf4
Ke6 47. Nd4+ Kd5 48. Nb5 Bb6 49. Nc7+ Kc6 50. Ne8 Kb5 51. e6 Kc6 52. Ng7 Nf6
53. Nxf5 Nd5 54. Bd6 Nf6 55. Be5 Nd5 56. Kc4 Nc7 57. Ne7# 1-0

[Event "IV Festival Terre degli Elimi A"]
[Site "Erice ITA"]
[Date "2013.07.25"]
[Round "3"]
[White "Lo Bosco, Salvatore"]
[Black "Di Marco, Salvatore Marco"]
[WhiteElo "1720"]
[BlackElo "1615"]
[Result "1-0"]
[PlyCount "129"]
[EventDate "2013.07.24"]

1. e4 e5 2. Nf3 Nc6 3. Bc4 Be7 4. d3 Nf6 5. O-O d6 6. Nbd2 Bg4 7. c3 Qd7 8. b4
a6 9. a4 O-O 10. Bb3 d5 11. Qc2 d4 12. Bb2 Rad8 13. b5 dxc3 14. bxc6 Qxd3 15.
Qxc3 Bxf3 16. Nxf3 Qxe4 17. Bc2 Qf4 18. Qxe5 Bd6 19. Qxf4 Bxf4 20. Bxf6 gxf6
21. cxb7 c5 22. Rab1 c4 23. Rfd1 Rb8 24. Rd7 Rfe8 25. Nd4 Rbd8 26. Rxd8 Rxd8
27. Nc6 Rd2 28. Be4 c3 29. b8=Q+ Bxb8 30. Nxb8 a5 31. Rc1 Kg7 32. g3 Rd4 33. f3
Rxa4 34. Rxc3 Rb4 35. Nc6 Ra4 36. Rc5 Ra1+ 37. Kg2 a4 38. Ra5 h5 39. Rxh5 f5
40. Rxf5 a3 41. Bd5 f6 42. Rf4 Rd1 43. Rg4+ Kh6 44. Rd4 Ra1 45. Rd2 Rc1 46. Ra2
Rc3 47. Be4 f5 48. Bxf5 Rxc6 49. Rxa3 Kg5 50. Be4 Rb6 51. h4+ Kf6 52. Kh3 Ke5
53. Ra5+ Kd4 54. h5 Ke3 55. Rc5 Rh6 56. g4 Kf4 57. Rf5+ Ke3 58. Kh4 Kf2 59. g5
Rb6 60. h6 Rb2 61. Kh5 Kg3 62. Kg6 Rh2 63. h7 Rh4 64. Kg7 Rh5 65. h8=Q 1-0

[Event "IV Festival Terre degli Elimi A"]
[Site "Erice ITA"]
[Date "2013.07.25"]
[Round "3"]
[White "Lo Pinto, Giovanni"]
[Black "Mondello, Simone"]
[WhiteElo "1948"]
[BlackElo "1800"]
[Result "1-0"]
[PlyCount "59"]
[EventDate "2013.07.24"]

1. g3 g6 2. Bg2 Bg7 3. d4 Nf6 4. e4 d6 5. h3 O-O 6. Be3 e5 7. Ne2 Nc6 8. Nbc3
exd4 9. Nxd4 Nxd4 10. Bxd4 Re8 11. O-O Bd7 12. g4 Bc6 13. Qd3 Nd7 14. Bxg7 Kxg7
15. f4 Re6 16. b4 f5 17. exf5 gxf5 18. Qxf5 Qe7 19. Nd5 Bxd5 20. Bxd5 Re2 21.
Rf2 Rxf2 22. Kxf2 Rf8 23. Qe4 Qh4+ 24. Kg2 h5 25. Qe6 Ne5 26. gxh5 Rxf4 27. Rg1
Rf8 28. Kh1+ Kh7 29. h6 Qxh6 30. Be4+ 1-0

[Event "IV Festival Terre degli Elimi A"]
[Site "Erice ITA"]
[Date "2013.07.25"]
[Round "3"]
[White "Martinez, Ayelen"]
[Black "Aghayev, Miragha"]
[WhiteElo "2103"]
[BlackElo "2299"]
[Result "0-1"]
[PlyCount "94"]
[EventDate "2013.07.24"]

1. e4 c5 2. Nf3 d6 3. d4 Nf6 4. Nc3 cxd4 5. Nxd4 a6 6. Qf3 e6 7. h3 Qc7 8. g4
b5 9. Bg2 Bb7 10. g5 Nfd7 11. O-O b4 12. Nce2 e5 13. Nb3 Nc5 14. Ng3 Ne6 15.
Be3 Nc6 16. h4 a5 17. a4 g6 18. Rfd1 Be7 19. Rd2 O-O 20. Nf5 f6 21. Nxe7+ Qxe7
22. Qg3 fxg5 23. Bxg5 Nxg5 24. Qxg5 Rf6 25. Bf1 Nd8 26. Bc4+ Kg7 27. Rad1 h6
28. Qe3 Qc7 29. Qe2 h5 30. f3 Rc8 31. Bd5 Bxd5 32. Rxd5 Nb7 33. Qb5 Rxf3 34.
Rxe5 Qf7 35. Rg5 Rf8 36. Nd4 Rf4 37. Nf5+ Kh7 38. Ng3 Kh6 39. b3 Nd8 40. Rxd6
Ne6 41. Rd7 Qe8 42. Qb7 Nxg5 43. hxg5+ Kxg5 44. Re7 Qd8 45. Rd7 Qf6 46. Qd5+
Kh4 47. Qd2 Rf1+ 0-1

[Event "IV Festival Terre degli Elimi A"]
[Site "Erice ITA"]
[Date "2013.07.25"]
[Round "3"]
[White "Merendino, Elda"]
[Black "La Franca, Vincenzo"]
[WhiteElo "1538"]
[BlackElo "1656"]
[Result "0-1"]
[PlyCount "81"]
[EventDate "2013.07.24"]

1. d4 d5 2. Nf3 c6 3. e3 Nf6 4. Bd3 Bg4 5. O-O Nbd7 6. b3 e5 7. dxe5 Nxe5 8.
Nbd2 Nxd3 9. cxd3 Bd6 10. Bb2 O-O 11. Qc2 a5 12. Rae1 Bb4 13. Ne5 Bf5 14. f4
Ng4 15. Nef3 Re8 16. Bd4 Rc8 17. e4 c5 18. Bb2 dxe4 19. dxe4 Bd7 20. Re2 Bxd2
21. Rxd2 Ne3 22. Qc3 f6 23. Qxe3 Qc7 24. Rfd1 Bg4 25. h3 Bh5 26. Rd7 Qc6 27. e5
Rc7 28. R1d6 Qxd7 29. Rxd7 Rxd7 30. Qc1 b6 31. exf6 Red8 32. Kh2 Bxf3 33. gxf3
Rd2+ 34. Kg3 gxf6 35. Bxf6 R8d6 36. Qc4+ Kf8 37. Qc3 R2d5 38. Bg5 Kg8 39. Qe3
Rf5 40. Qe8+ Rf8 41. f5 0-1

[Event "IV Festival Terre degli Elimi A"]
[Site "Erice ITA"]
[Date "2013.07.25"]
[Round "3"]
[White "Messina, Damiano"]
[Black "Aceto, Andrea"]
[WhiteElo "1908"]
[BlackElo "1569"]
[Result "1-0"]
[PlyCount "49"]
[EventDate "2013.07.24"]

1. c4 Nf6 2. g3 Nc6 3. Bg2 e5 4. Nc3 Bc5 5. Nf3 d6 6. O-O O-O 7. d3 Bd7 8. Na4
Bb6 9. a3 Qc8 10. Re1 Nd4 11. Nxb6 Nxf3+ 12. Bxf3 axb6 13. Bg5 Ne8 14. Be7 f5
15. Bxf8 Kxf8 16. e3 g5 17. Bg2 Nf6 18. Qd2 Qe8 19. f4 h6 20. Bxb7 Rb8 21. Bg2
Qh5 22. Qe2 Qg6 23. fxe5 dxe5 24. Rf1 Re8 25. Rf2 1-0

[Event "IV Festival Terre degli Elimi A"]
[Site "Erice ITA"]
[Date "2013.07.25"]
[Round "3"]
[White "Milletari', Ruggero"]
[Black "Bous, Florian"]
[WhiteElo "1824"]
[BlackElo "2072"]
[Result "1-0"]
[PlyCount "125"]
[EventDate "2013.07.24"]

1. d4 d5 2. c4 c6 3. Nc3 Nf6 4. Nf3 e6 5. e3 Nbd7 6. Bd3 dxc4 7. Bxc4 b5 8. Bd3
Bb7 9. a3 b4 10. axb4 Bxb4 11. O-O O-O 12. Ne4 Nxe4 13. Bxe4 Nf6 14. Bd2 Bd6
15. Bd3 c5 16. Be2 Ne4 17. dxc5 Bxc5 18. Ba5 Qf6 19. Qc2 Rfc8 20. Bc3 Nxc3 21.
Qxc3 Qg6 22. Rac1 Be7 23. Qd2 Rd8 24. Qc2 Be4 25. Qa4 Rd2 26. Rc4 Rxe2 27. Rxe4
Rxb2 28. Rc4 Qd3 29. Qc6 Rab8 30. Ne5 Qd6 31. Qxd6 Bxd6 32. Nc6 Ra8 33. g3 Kf8
34. Ra1 a6 35. Rd4 Bc5 36. Rxa6 Rc8 37. Rd7 Bb6 38. Ne5 f6 39. Nc4 Rb1+ 40. Kg2
Ke8 41. Rb7 Rxc4 42. Ra8+ Bd8 43. Rxb1 Rc7 44. Rd1 Rd7 45. Rxd7 Kxd7 46. Ra7+
Bc7 47. f4 f5 48. Kf3 h5 49. Ra8 Bd8 50. h3 Ke7 51. g4 hxg4+ 52. hxg4 g6 53.
Ra7+ Kf8 54. e4 Be7 55. exf5 exf5 56. Ra6 fxg4+ 57. Kxg4 Kf7 58. Kf3 Bf6 59.
Ke4 Bb2 60. Rc6 Ba3 61. Kd5 Bb2 62. Rb6 Bc3 63. Ke4 1-0

[Event "IV Festival Terre degli Elimi A"]
[Site "Erice ITA"]
[Date "2013.07.25"]
[Round "3"]
[White "Morello, Guido"]
[Black "Castelli, Giovanni J."]
[WhiteElo "2048"]
[BlackElo "1832"]
[Result "1-0"]
[PlyCount "67"]
[EventDate "2013.07.24"]

1. e4 e5 2. Nc3 Nf6 3. f4 d5 4. fxe5 Nxe4 5. Nf3 Nc6 6. d4 Bb4 7. Bd2 O-O 8.
Bd3 Bf5 9. O-O Bg6 10. a3 Be7 11. Qe2 Nxd2 12. Qxd2 Bxd3 13. Qxd3 Qd7 14. Qb5
Rfd8 15. Rad1 a6 16. Qd3 Qe6 17. Ne2 Qg6 18. Qb3 Na5 19. Qc3 Nc6 20. h3 Rd7 21.
Nf4 Qe4 22. Qd2 h6 23. Rde1 Qh7 24. e6 fxe6 25. Rxe6 Rf8 26. Ng6 Rf6 27. Nxe7+
Nxe7 28. Qe2 Ng6 29. Rxf6 gxf6 30. Qe8+ Nf8 31. Ne5 Re7 32. Qd8 c6 33. Rxf6 Kg7
34. Rg6+ 1-0